أنماط تعاطي المخدرات في مجتمع الإمارات / (Record no. 20589)

MARC details
000 -الفاتح
عناصر البيانات ثابتة الطول 00748cam a2200193 i 4500
005 - تاريخ ووقت آخر معاملة
حقل ضبط 20260128095230.0
008 - عناصر البيانات ثابتة الطول
عناصر البيانات ثابتة الطول 250721s1996 ts gr 000 0 ara d
082 14 - رقم تصنيف ديوي العشري
رقم التصنيف 363.4095665
رقم المادة س ر ح
100 1# - مدخل رئيسي – اسم شخصي
الاسم الشخصي سرحان، هاشم عبد الله
علاقة الشخص بالعمل/ دوره مؤلف.
245 10 - بيان العنوان
العنوان أنماط تعاطي المخدرات في مجتمع الإمارات /
بيان المسؤولية تأليف: د. هاشم عبدالله سرحان.
250 ## - بيان الطبعة
بيان الطبعة الطبعة الأولى.
264 31 - بيانات النشر، التوزيع…إلخ
مكان النشر، التوزيع...إلخ ابو ظبي :
اسم الناشر، الموزع...إلخ منشورات المجتمع الثقافي،
تاريخ النشر، التوزيع...إلخ 1996.
300 ## - الوصف المادي
عدد الوحدات المكونة للوعاء 349 صفحة.
650 17 - مدخل إضافي بالموضوع - مصطلح موضوعي
مصطلح موضوعي أو اسم جغرافي كعنصر مدخل المخدرات.
650 17 - مدخل إضافي بالموضوع - مصطلح موضوعي
مصطلح موضوعي أو اسم جغرافي كعنصر مدخل المشاكل الإجتماعية.
650 17 - مدخل إضافي بالموضوع - مصطلح موضوعي
مصطلح موضوعي أو اسم جغرافي كعنصر مدخل الامارات العربية.
942 ## - بيانات إضافية (كوها)
نوع التنصيف Dewey Decimal Classification
نوع المادة (كوها) Books
Holdings
حالة السحب حالة الفقدان مصدر التصنيف حالة التلف غير قابل للإعارة المكتبة الرئيسية المكتبة الحالية موقع الرف تاريخ التزويد الرقم المتسلسل Total Checkouts رقم الإستدعاء الباركود تاريخ آخر ظهور تاريخ الفاتورة نوع المادة (كوها)
    Dewey Decimal Classification     المكتبة المركزية المكتبة المركزية الإعارة 06/07/2004 278192   363.4095665/سرح 278192 28/07/2025 06/07/2004 Books
    Dewey Decimal Classification     المكتبة المركزية المكتبة المركزية الإعارة 23/09/2024 1788770   363.4095665 / س ر ح PLD00511840 28/07/2025 23/09/2024 Books
Implemented & Customized by: BBB with SCIT (Smart Chains for Information Technology)

Powered by Koha